Tilastot visalle Hävinneet lippuehdotukset

Klikkaa tästä pelataksesi tätä visaa!

Yleistilastot

  • Tätä visaa on pelattu 298 kertaa
  • Keskiarvotulos 9 / 16

Vastaustilastot

Vastaus% Oikein
Australia
98%
Yhdistynyt kuningaskunta
92%
Intia
78%
Nigeria
77%
Filippiinit
72%
Uusi-Seelanti
72%
Bosnia ja Hertsegovina
68%
Kirgisia
53%
Meksiko
51%
Montenegro
46%
Bolivia
44%
Luxemburg
36%
Kypros
32%
Etelä-Afrikka
27%
Kazakstan
25%
Togo
14%

Tulosjakauma

Persentiili vastausten määrän mukaan

Jokaisen tuloksen saaneiden osuus

Tuloshistoriasi

Et ole pelannut tätä visaa